| 000 | 00742nam a2200229 a 4500 | ||
|---|---|---|---|
| 008 | |||
| 020 | _a0918334519 (hbk.) | ||
| 049 | _aMAIN | ||
| 090 | _aTD367 | ||
| 245 | 0 | 0 |
_aDesign of networks for monitoring water quality / _cThomas G. Sanders ... [et al.] |
| 260 |
_aLittleton : _bWater Resources Publications, _cc1983. |
||
| 300 |
_aviii, 328 p. : _bill. ; _c24 cm. |
||
| 504 | _aIncludes bibliographical references. | ||
| 500 | _aIncludes index. | ||
| 650 | 0 |
_aWater quality monitoring stations _xDesign and construction. |
|
| 700 | 1 | _aSanders, Thomas G. | |
| 907 |
_a.b10174837 _b13-10-05 _c08-09-05 |
||
| 003 | |||
| 005 | 20230123134105.0 | ||
| 040 | _cNUST | ||
| 942 |
_cBOOKS _kTD367 |
||
| 999 |
_c159881 _d159881 |
||